Southville International School and Colleges
Your cart is empty.
  • Cart
  • Lists
    Public lists Eva Luna New books Lux_list list_1
    Your lists Log in to create your own lists
  • Log in to your account
  • Your cookies
  • Search history
Southville International School and Colleges
  • Advanced search
  • Recent comments
  • Most popular
  • Libraries

Log in to your account

Log in with GOOGLE


If you do not have an external account, but do have a local account, you can still log in:

  1. Home
  2. MARC view: The Power of empowerment :
Normal view MARC view ISBD view

The Power of empowerment : (Record no. 363342)

[ view plain ]
MARC details
000 -LEADER
fixed length control field 00683nam a2200253Ia 4500
008 - FIXED-LENGTH DATA ELEMENTS--GENERAL INFORMATION
fixed length control field 200601s9999 xx 000 0 und d
020 ## - INTERNATIONAL STANDARD BOOK NUMBER
International Standard Book Number 8124204489
050 ## - LIBRARY OF CONGRESS CALL NUMBER
Classification number REF HD 50.5
050 ## - LIBRARY OF CONGRESS CALL NUMBER
Item number .C58 2004
100 ## - MAIN ENTRY--PERSONAL NAME
Personal name Clutterbuck, David.
245 #4 - TITLE STATEMENT
Title The Power of empowerment :
245 #2 - TITLE STATEMENT
Remainder of title a handbook /
245 #0 - TITLE STATEMENT
Statement of responsibility, etc David Clutterbuck and Susan Kernagham.
260 ## - PUBLICATION, DISTRIBUTION, ETC. (IMPRINT)
Place of publication, distribution, etc New Delhi :
260 ## - PUBLICATION, DISTRIBUTION, ETC. (IMPRINT)
Name of publisher, distributor, etc Crest Pub. House.,
260 ## - PUBLICATION, DISTRIBUTION, ETC. (IMPRINT)
Date of publication, distribution, etc 2004
300 ## - PHYSICAL DESCRIPTION
Extent 256 pages :
300 ## - PHYSICAL DESCRIPTION
Dimensions 25 cm.
500 ## - GENERAL NOTE
General note Include index.
650 ## - SUBJECT ADDED ENTRY--TOPICAL TERM
Topical term or geographic name as entry element Creative ability.
650 ## - SUBJECT ADDED ENTRY--TOPICAL TERM
Topical term or geographic name as entry element Employee empowerment.
650 ## - SUBJECT ADDED ENTRY--TOPICAL TERM
General subdivision Employee motivation.
650 ## - SUBJECT ADDED ENTRY--TOPICAL TERM
General subdivision Management -- Employee participation.
Holdings
Withdrawn status Lost status Damaged status Home library Current library Shelving location Date acquired Total Checkouts Full call number Barcode Date last seen Price effective from Koha item type
      South Mansfield College South Mansfield College Reference Section 06/01/2020   REF HD 50.5 .C58 2004 SMC00513 06/01/2020 06/01/2020  

The Power of empowerment :

APA

Clutterbuck D., .The Power of empowerment. New Delhi: .

Chicago

Clutterbuck David, .The Power of empowerment. New Delhi: .

Harvard

Clutterbuck D., .The Power of empowerment. New Delhi: .

MLA

Clutterbuck David, .New Delhi: . .

  • Place hold
  • Print
  • Cite
  • Add to your cart (remove)
  • Save record
    BIBTEX Dublin Core MARCXML MARC (non-Unicode/MARC-8) MARC (Unicode/UTF-8) MARC (Unicode/UTF-8, Standard) MODS (XML) RIS
  • More searches
    Search for this title in:
    Other Libraries (WorldCat) Other Databases (Google Scholar) Online Stores (Bookfinder.com) Open Library (openlibrary.org)

Exporting to Dublin Core...

SOUTHVILLE LIBRARY

Southville International School and Colleges Library

1281 Tropical Ave. Cor. Luxembourg St., BF Homes International, Las Pinas City

Tel. No. 8256374 / 252358 Loc. 117/146

Powered by Koha